Verbum

Bibliographic Details
Corporate Author: Universidad Sergio Arboleda
Format: eBook
Language:Spanish
Published: Colombia Universidad Sergio Arboleda 2014
Subjects:
Online Access:Acceso restringido

MARC

LEADER 00000nam a22000007a 4500
005 20160121104953.0
007 cr|||| ||u|
008 160121s20112014ck ar|pos|||| 0||| 1spa d
022 |a 2145-387X 
035 |a 13035 
040 |a vLex 
090 |c 5812  |d 5812 
245 1 0 |a Verbum  |h [Recurso electrn̤ico] /  |c Universidad Sergio Arboleda  
256 |a Servicio en ln̕ea  
260 |a Colombia  |b Universidad Sergio Arboleda   |c 2014 
300 |a 1 recurso electrn̤ico 
310 |a Anual 
506 1 |a Contenido solo disponible en los productos indicados  |d vLex Global  |d vLex Global (Academic Edition, excluding Law Schools)  |d vLex Global (U.S. Academic Edition, Law Schools)  |d vLex Global (U.S. Academic Edition, excluding Law Schools)  |d vLex Global (Academic Edition, Law Schools) 
650 0 4 |a Derecho  |z Colombia 
710 |a Universidad Sergio Arboleda  
740 0 |a vLex revista (servicio en ln̕ea)  
856 4 0 |u http://vlex.com/source/verbum-13035  |z Acceso restringido  
942 |c REV 
999 0 |a Law